| 000 | 00405nam a2200157 a 4500 | ||
|---|---|---|---|
| 005 | 20141022142003.0 | ||
| 008 | 120307s19uu xx 00 eng d | ||
| 050 |
_aCD-ROM _bD67 2002 |
||
| 100 | _aDoenges, Marilyn | ||
| 245 |
_aNursing care plans / _cMarilyn Doenges. |
||
| 250 | _a6th ed. | ||
| 260 | _c2002. | ||
| 700 | _aMoorhouse, Mary Frances | ||
| 700 | _aMurr, Alice Geisler C. | ||
| 942 | _cAVM | ||
| 999 |
_c276374 _d276374 |
||